| 000 | 02122nam1a2200325 i 4500 | ||
|---|---|---|---|
| 001 | RU\NLR\bibl\2019092 | ||
| 005 | 20260408070550.0 | ||
| 035 | _a(NLR Aleph) 002007430 | ||
| 090 |
_a4436249 _c4436249 |
||
| 100 | _a20130403g20059999k y0rusy50 ca | ||
| 101 | 0 | _arus | |
| 102 | _aRU | ||
| 105 | _a||||z ||||| | ||
| 200 | 1 |
_aСпецифика образования взрослых в условиях социокультурного развития регионов _eВсероссийская научно-практическая конференция (24 октября 2005 г., г. Тюмень) _e[сборник материалов _fотв. ред.: Фокеева С.Н.] |
|
| 210 |
_aТюмень _cТОГИРРО _d2005 |
||
| 215 | _d30 | ||
| 300 | _aВ надзаг.: М-во образования и науки Рос. Федерации, Гос. образоват. учреждение доп. проф. образования (повышения квалификации) специалистов "Тюмен. обл. гос. ин-т развития регион. образования", Гос. образоват. учреждение "Ин-т образования взрослых Рос. Акад. Образования" | ||
| 300 | _aНа обл.: Тюмен. обл. гос. ин-т развития регион. образования. 60 лет | ||
| 463 | 0 | _10011946414 | |
| 463 | 0 | _10011946576 | |
| 606 | 1 |
_aОбразование взрослых _jСъезды, совещания и т.п. _yРоссийская Федерация _92140861 _3RU\NLR\auth\661594889 |
|
| 686 | _aЧ444(2Р)я431 | ||
| 702 | 1 |
_aФокеева _bС. Н. _gСветлана Николаевна _4340 |
|
| 712 | 0 | 2 |
_4570 _aТюменский областной государственный институт развития регионального образования _3RU\NLR\AUTH\8810212321 _9311619 |
| 801 | 0 |
_aRU _bNLR _c20130403 _gRCR |
|
| 801 | 1 |
_aRU _bNLR _c20130403 |
|
| 852 |
_aNLR _j2012-8/2587 |
||
| 942 | _cBOOK | ||